Alwān min al-ḥubb (Record no. 45740)

MARC details
000 -LEADER
fixed length control field 00584cam a22002171 4500
001 - CONTROL NUMBER
control field ne 63000671
003 - CONTROL NUMBER IDENTIFIER
control field DLC
005 - DATE AND TIME OF LATEST TRANSACTION
control field 20260227111743.0
008 - FIXED-LENGTH DATA ELEMENTS--GENERAL INFORMATION
fixed length control field 970323s1962 le a 000 1 arar
010 ## - LIBRARY OF CONGRESS CONTROL NUMBER
LC control number ne 63000671
025 ## - OVERSEAS ACQUISITION NUMBER
Overseas acquisition number PL480: UAR-1838
035 ## - SYSTEM CONTROL NUMBER
System control number (OCoLC)36599379
040 ## - CATALOGING SOURCE
Original cataloging agency DLC
Transcribing agency OrPS
Modifying agency DLC
042 ## - AUTHENTICATION CODE
Authentication code premarc
050 00 - LIBRARY OF CONGRESS CALL NUMBER
Classification number PJ7846.A55
Item number A79
100 1# - MAIN ENTRY--PERSONAL NAME
Personal name Manṣūr, Anīs
245 10 - TITLE STATEMENT
Title Alwān min al-ḥubb
Statement of responsibility, etc. [taʼlīf] Anīs Manṣūr.
260 ## - PUBLICATION, DISTRIBUTION, ETC.
Place of publication, distribution, etc. Bayrūt,
Name of publisher, distributor, etc. Maktabat al-Maʻārif
Date of publication, distribution, etc. [1962?]
300 ## - PHYSICAL DESCRIPTION
Extent 403 p.
Other physical details illus.
Dimensions 20 cm.
500 ## - GENERAL NOTE
General note Short stories.

No items available.

Powered by Koha